000 01124nam a2200289 i 4500
003 DO-SdBNP
005 20240318100114.0
007 ta
008 240318b2023 dr ac||| |||| 00| 0 spa d
020 _a9789945186673
040 _aDo-SdBNP
_bspa
_cBNPHU
082 4 _222
100 _aCordero Mejía, Miguel Ángel,
_910929
_eautor
245 1 0 _aHistorias de Ángel :
_bcuentos fantásticos, relatos asombrosos y otras leyendas de colores /
_cÁngel Mejía ; prólogo y curaduría, Radhamés Polanco ; coordinación, Gilda Matos ; compilación, Lucery Reynoso
264 _aSanto Domingo :
_bImpresora Soto,
_c2023.
300 _a182 páginas :
_bilustraciones, retratos ;
_c23 cm.
336 _2rdacontent
_atexto
_btxt
337 _2rdamedia
_asin mediación
_bn
338 _2rdacarrier
_avolumen
_bnc
500 _aIncluye datos biográficos del autor en las solapas
590 _aInventariado, 2024/BT
700 1 _aPolanco, Radhamés,
_eprólogo y curaduría
_982506
700 1 _aMatos, Gilda,
_ecoordinación
_967048
700 1 _aReynoso, Lucery,
_ecompilación
_985057
910 _aBtavárez
942 _2ddc
_cLBS1
999 _c56132
_d56132